K-Pop Idol to Surname - Click Quiz - Statistics

General Stats
  • This quiz has been taken 166 times
  • The average score is 13 of 30
Answer Stats
Hint Answer % Correct
V (BTS) Kim
75%
RM (BTS) Kim
71%
Felix (Stray Kids) Lee
60%
Rosé (BLACKPINK) Park
59%
Jihyo (TWICE) Park
58%
San (ATEEZ) Choi
57%
Mark (NCT) Lee
55%
Minji (NewJeans) Kim
52%
Dahyun (TWICE) Kim
51%
Sunghoon (ENHYPEN) Park
51%
Soobin (TXT) Choi
49%
Vernon (SEVENTEEN) Choi
49%
Winter (aespa) Kim
49%
Yeri (Red Velvet) Kim
46%
Jinyoung (GOT7) Park
45%
Taeyong (NCT) Lee
40%
Gaeul (IVE) Kim
39%
Chanyeol (EXO) Park
39%
Gyuvin (ZEROBASEONE) Kim
38%
Lia (ITZY) Choi
36%
Woozi (SEVENTEEN) Lee
36%
Solar (MAMAMOO) Kim
34%
Jiung (P1Harmony) Choi
32%
Isa (STAYC) Lee
30%
Minhyuk (MONSTA X) Lee
29%
Jihoon (TREASURE) Park
28%
Minho (SHINee) Choi
26%
Go Won (LOONA) Park
21%
Jini (NMIXX) Choi
18%
Eunwoo (ASTRO) Lee
18%
No matching quizzes found
Score Distribution
Percent of People with Each Score
Percentile by Number Answered
Your Score History
You have not taken this quiz